| 000 | 01113nam a2200349 i 4500 | ||
|---|---|---|---|
| 001 | 10902 | ||
| 003 | KOSZ 005 | ||
| 005 | 20200630132821.0 | ||
| 008 | 080127s1966 pl a f 001 0 pol | ||
| 015 | _aPB 1966/9981 | ||
| 040 |
_aWA N _cWA N _dKOSZ 005/RW _dKOSZ 005/HR |
||
| 046 | _k1966 | ||
| 080 | _a510.22 | ||
| 080 | _a515.1 | ||
| 100 | 1 |
_aKuratowski, Kazimierz _d(1896-1980). _eAutor |
|
| 245 | 1 | 0 |
_aWstęp do teorii mnogości i topologii / _cKazimierz Kuratowski. |
| 250 | _aWyd. 4. | ||
| 260 |
_aWarszawa : _bPaństwowe Wydawnictwo Naukowe, _c1966. |
||
| 300 |
_a275, [1] s. ; _bil. ; _c25 cm. |
||
| 380 | _aKsiążki. | ||
| 380 | _aPublikacje naukowe | ||
| 388 | _a1901-2000 | ||
| 490 | 1 |
_aBiblioteka Matematyczna ; _vt. 9. |
|
| 504 | _aIndeks. | ||
| 658 | _aMatematyka | ||
| 650 | 4 | _aTopologia | |
| 650 | 4 | _aTeoria mnogości | |
| 710 | 2 |
_aPaństwowe Wydawnictwo Naukowe _4pbl. |
|
| 830 | 0 |
_aBiblioteka Matematyczna, _vt. 9. |
|
| 856 |
_uhttp://koha.tu.koszalin.pl/cgi-bin/koha/opac-detail.pl?biblionumber=10902 _yKatalog online BPK |
||
| 942 |
_2UKD _cKS |
||
| 999 |
_c10902 _d10902 |
||